000 01081cam a2200313 ab4500
999 _c2308
_d2308
001 698549
003 INLPI
005 20230411114435.0
008 040128s2002 enka b 000 j eng d
020 _a9780723247838
_q(hbk.) :
035 _a(SPYDUS)730037
040 _aNLPI
_beng
_cNLPI
_dNLPI
_dKH8
_eaacr2
042 _anbic
082 0 _a823.912 POT
100 1 _aPotter, Beatrix,
_d1866-1943.
_eAuthor
245 1 4 _aThe tale of Mr. Tod
_h[children's book] /
_cby Beatrix Potter.
250 _aOriginal and authorized ed.
260 _aLondon :
_bFrederick Warne,
_c2002.
300 _a79 p. :
_bill. (some col.) ;
_c15 cm.
490 1 _aThe complete collection of original tales ;
_v14.
500 _aOriginally published : 1912.
521 8 _aAges 3-7.
650 1 0 _aFoxes
_xPictorial works
_xJuvenile fiction.
650 1 1 _aBadgers
_xPictorial works
_xJuvenile fiction.
650 1 0 _aRabbits
_xPictorial works
_xJuvenile fiction.
650 1 1 _aRescues
_xPictorial works
_xJuvenile fiction.
830 4 _aThe complete collection of original tales ;
_v14.
942 _2ddc
_cBK